000 00828nam a2200289Ia 4500
003 OSt
005 20221006153922.0
006 a|||||r|||| 00| 0
007 ta
008 221006b |||||||| |||| 00| 0 eng d
020 _a9788185002774
_c975.00
024 _a33,880
037 _cTextual
040 _aEASL
_cEASL
_beng
041 _2eng
_aeng
082 _aV42:192.N9, P7
100 _aPanda Rajaram Ed.
_9647410
245 0 _aIndia and Japan in search of global roles
260 _aNew Delhi
_bPromilla & Co., Publishers India
_c2007
300 _a468p.
_ccm.
490 _v JEL
650 _a JEL
650 _aJapan - Foreign relations - India
700 _a Fukazawa Yoo Ed.
942 _hV42:192.N9, P7
_cTEXL
_2CC
999 _c1101966
_d1101966